000 00772nam a22002177a 4500
003 BUBTL
008 230920b ||||| |||| 00| 0 eng d
041 _aবাংলা ও ইংরেজী
082 _a347.052/ H7949l/ 2001
100 _95297
_aহোসেন, মোঃ আলতাফ
245 _aতামাদি আইন, ১৯০৮/
_bমোঃ আলতাফ হোসেন
250 _a৫ম সং
260 _aঢাকা
_bআমিন ল‘ বুক সেন্টার
_cc2001
300 _a239p. :
_bill. ; 20 cm.
526 _aLaw
650 0 _926
_aLaw
700 _a মোঃ আলতাফ হোসেন
_95478
856 _k0
_l0
_yDownload
942 _2ddc
_cBK
999 _c7097
_d7097